<?xml version="1.0" encoding="UTF-8"?><?xml-stylesheet type="text/xsl" href="static/style.xsl"?><OAI-PMH xmlns="http://www.openarchives.org/OAI/2.0/" xmlns:xsi="http://www.w3.org/2001/XMLSchema-instance" xsi:schemaLocation="http://www.openarchives.org/OAI/2.0/ http://www.openarchives.org/OAI/2.0/OAI-PMH.xsd"><responseDate>2026-04-13T18:32:36Z</responseDate><request verb="GetRecord" identifier="oai:www.recercat.cat:2117/394010" metadataPrefix="marc">https://recercat.cat/oai/request</request><GetRecord><record><header><identifier>oai:recercat.cat:2117/394010</identifier><datestamp>2026-03-16T10:19:58Z</datestamp><setSpec>com_2072_1033</setSpec><setSpec>col_2072_452951</setSpec></header><metadata><record xmlns="http://www.loc.gov/MARC21/slim" xmlns:dcterms="http://purl.org/dc/terms/" xmlns:xsi="http://www.w3.org/2001/XMLSchema-instance" xmlns:doc="http://www.lyncode.com/xoai" xsi:schemaLocation="http://www.loc.gov/MARC21/slim http://www.loc.gov/standards/marcxml/schema/MARC21slim.xsd">
   <leader>00925njm 22002777a 4500</leader>
   <datafield ind2=" " ind1=" " tag="042">
      <subfield code="a">dc</subfield>
   </datafield>
   <datafield ind2=" " ind1=" " tag="720">
      <subfield code="a">Delgado Vargas, Sebastián</subfield>
      <subfield code="e">author</subfield>
   </datafield>
   <datafield ind2=" " ind1=" " tag="260">
      <subfield code="c">2022-07-20</subfield>
   </datafield>
   <datafield ind2=" " ind1=" " tag="520">
      <subfield code="a">The game theory started as a mathematical exploration of human behaviours. The term has&#xd;
expanded to cover this mathematical exploration of the decision-making not only of humans&#xd;
but also of animals and computers.&#xd;
Through this project, we will be able to study how can we integrate the mathematical aspect&#xd;
of a specific topic from game theory into a development of a game.&#xd;
Furthermore, what advantages or inconveniences can we find on our way to integrating this&#xd;
field into game development?&#xd;
First, we must focus on learning key concepts about game theory topics, specifically Game&#xd;
Trees and subgame perfect equilibrium. These concepts will help us create a game tree and&#xd;
calculate the decision-making values, so later, it becomes easier to mix with other concepts&#xd;
once we accomplish the research.&#xd;
When we look at a game tree, we can easily relate some similarities with another well-known&#xd;
video game system. These systems are narrative trees or decision trees. So the main focus of&#xd;
this project is to create a game prototype where a player has to make decisions like in a&#xd;
narrative game. However, instead of a standard decision tree, we will investigate making this&#xd;
tree with the concepts learned through game theory.&#xd;
The key to success will be learning how to create a game tree and combining this with some&#xd;
psychology so players can feel that their decisions have some value, as we would see in a&#xd;
game tree. All these challenges will illustrate through the development part of the project.</subfield>
   </datafield>
   <datafield tag="653" ind2=" " ind1=" ">
      <subfield code="a">Decision making--Data processing</subfield>
   </datafield>
   <datafield tag="653" ind2=" " ind1=" ">
      <subfield code="a">Agile software development</subfield>
   </datafield>
   <datafield tag="653" ind2=" " ind1=" ">
      <subfield code="a">Game theory</subfield>
   </datafield>
   <datafield tag="653" ind2=" " ind1=" ">
      <subfield code="a">Narrative design</subfield>
   </datafield>
   <datafield tag="653" ind2=" " ind1=" ">
      <subfield code="a">Game Design</subfield>
   </datafield>
   <datafield tag="653" ind2=" " ind1=" ">
      <subfield code="a">Game Trees</subfield>
   </datafield>
   <datafield tag="653" ind2=" " ind1=" ">
      <subfield code="a">Game Theory</subfield>
   </datafield>
   <datafield tag="653" ind2=" " ind1=" ">
      <subfield code="a">Prototype</subfield>
   </datafield>
   <datafield tag="653" ind2=" " ind1=" ">
      <subfield code="a">Decisió, Presa de--Informàtica</subfield>
   </datafield>
   <datafield tag="653" ind2=" " ind1=" ">
      <subfield code="a">Programari àgil--Desenvolupament</subfield>
   </datafield>
   <datafield tag="653" ind2=" " ind1=" ">
      <subfield code="a">Jocs, Teoria de</subfield>
   </datafield>
   <datafield ind2="0" ind1="0" tag="245">
      <subfield code="a">From game trees to a narrative game: prototype</subfield>
   </datafield>
</record></metadata></record></GetRecord></OAI-PMH>